Instrumentos financieros fundamentales (Registro nro. 1377)

Detalles MARC
000 -LEADER
fixed length control field 01419 a2200229 4500
001 - CONTROL NUMBER
control field 25364
005 - DATE AND TIME OF LATEST TRANSACTION
control field 20260407155538.0
008 - FIXED-LENGTH DATA ELEMENTS--GENERAL INFORMATION
fixed length control field 260407a2001 arg spa d
003 - CONTROL NUMBER IDENTIFIER
control field AR-UNSa-BCEJYS
040 ## - CATALOGING SOURCE
Original cataloging agency AR-UNSa-BCEJYS
Language of cataloging spa
Transcribing agency AR-UNSa-BCEJYS
080 ## - UNIVERSAL DECIMAL CLASSIFICATION NUMBER
Universal Decimal Classification number 336.76
Common auxiliary subdivision Bolsa. Mercado del dinero. Mercado del capital
020 ## - INTERNATIONAL STANDARD BOOK NUMBER
International Standard Book Number 84-205-3195-2
100 1# - MAIN ENTRY--PERSONAL NAME
Personal name Edwardes, Warren
245 10 - TITLE STATEMENT
Title Instrumentos financieros fundamentales
Name of part/section of a work comprender para innovar en el mundo de los derivados
264 #1 - PRODUCTION, PUBLICATION, DISTRIBUTION, MANUFACTURE, AND COPYRIGHT NOTICE
Place of production, publication, distribution, manufacture Madrid :
Name of producer, publisher, distributor, manufacturer Pearson Educación
Date of production, publication, distribution, manufacture, or copyright notice 2001
300 ## - PHYSICAL DESCRIPTION
Extent xx, 274 p.
Dimensions 25 cm.
505 ## - FORMATTED CONTENTS NOTE
Formatted contents note 1. Introducción al mundo de los instrumentos financieros y los derivados - 2. Cómo atrapar la gran idea nueva - 3. ¿Qué genera la innovación? - 4. Los riesgos fundamentales - 5. Instrumentos financieros fundamentales - 6. Derivados para el cliente particular - 7. El forward de ruptura - 8. Swaps perpetuos - 9. Elección de la cobertura y medida del resultado - 10. Gestión del riesgo legal - 11. Aspectos impositivos de los derivados y de la gestión del riesgo - 12. Derivados sobre créditos y seguros - 13. Peligros y desastres: principios y beneficios - 14. El futuro financiero
590 ## - LOCAL NOTE (RLIN)
Local note niveau_biblio:m niveau_hierar:0
700 1# - ADDED ENTRY--PERSONAL NAME
Personal name Núñez Nickel, Manuel
856 41 - ELECTRONIC LOCATION AND ACCESS
Uniform Resource Identifier <a href="https://biblioeco.unsa.edu.ar/pmb/images/libros/Instrumentos Financieros Fundamentales (2001).jpg">https://biblioeco.unsa.edu.ar/pmb/images/libros/Instrumentos Financieros Fundamentales (2001).jpg</a>
Link text Imagen de portada
Electronic format type image/jpeg
942 ## - ADDED ENTRY ELEMENTS (KOHA)
Koha item type
Existencias
Withdrawn status Lost status Damaged status Not for loan Home library Current library Shelving location Date acquired Total checkouts Full call number Barcode Date last seen Price effective from Koha item type
        Biblioteca Prof. Eusebio Cleto del Rey Biblioteca Prof. Eusebio Cleto del Rey   07/04/2026   336.76 E25 L119848 07/04/2026 07/04/2026 Libro